|
|
|
|
| LEADER |
00000nam a22000007a 4500 |
| 005 |
20190516232744.0 |
| 007 |
cr|||| |||| |
| 008 |
190516s2015 co |||||s|||| 00||0 spa d |
| 020 |
|
|
|a 978-958-749-456-3
|
| 035 |
|
|
|a 23334
|
| 040 |
|
|
|a vLex
|
| 090 |
|
|
|c 8730
|d 8730
|
| 100 |
1 |
|
|a Acosta, Mara̕ del Rosario
|
| 245 |
1 |
0 |
|a Estudios crt̕icos de jurisprudencia de la Corte Suprema de Justicia 1
|h [Recurso electrn̤ico] /
|c Mara̕ del Rosario Acosta, Carlos Andrš Manrique
|
| 256 |
|
|
|a Servicio en ln̕ea
|
| 260 |
|
|
|a Bogot:̀
|b Universidad de Los Andes (Colombia),
|c 2015
|
| 300 |
|
|
|a 1 recurso electrn̤ico
|
| 500 |
|
|
|a La presente obra de estudios de jurisprudencia constituye un esfuerzo continuo realizado por los profesores de derecho penal de las facultades de derecho de la Universidad de los Andes y de la Sergio Arboleda (Bogot,̀ Colombia), algunos de ellos colombianos y otros extranjeros invitados, y, desde luego, jueces y abogados en ejercicio. La idea fundamental es analizar, de manera seriada, algunas sentencias escogidas de la Sala de Casacin̤ Penal de la Corte Suprema de Justicia colombiana, para acercar la jurisprudencia de esta corporacin̤, como una herramienta imprescindible, a la realidad y prc̀tica de los tribunales, a las aulas de clase y al ejercicio profesional, con el objetivo de generar nuevo conocimiento.
|
| 506 |
1 |
|
|a Disponible solo en los productos indicados
|d vLex Global
|d vLex Global (Academic Edition, excluding Law Schools)
|d vLex Global (U.S. Academic Edition, Law Schools)
|d vLex Global (U.S. Academic Edition, excluding Law Schools)
|d vLex Global (Academic Edition, Law Schools)
|
| 650 |
0 |
4 |
|a Derecho Penal
|z Colombia
|
| 650 |
0 |
4 |
|a Derecho Constitucional
|z Colombia
|
| 700 |
1 |
|
|a Manrique, Carlos Andrš
|
| 740 |
0 |
|
|a vLex Libros (Servicio en ln̕ea)
|
| 856 |
4 |
0 |
|u http://vlex.com/source/estudios-criticos-de-jurisprudencia-de-la-corte-suprema-de-justicia-1-23334
|z Acceso restringido
|
| 942 |
|
|
|c BOOK
|
| 999 |
0 |
|
|a Criminal Law
|
| 999 |
0 |
|
|a Constitutional Law
|